Punk band members - Statistics

General Stats
  • This quiz has been taken 287 times
  • The average score is 6 of 15
Answer Stats
Hint Answer % Correct
Ramones, Ramones, Ramones, Ramones The Ramones
95%
Jones, Cook, Matlock, Vicious, Rotten Sex Pistols
88%
Strummer, Jones, Simonon, Headon The Clash
83%
Biafra, Bay Ray, Flouride, Peligro Dead Kennedys
65%
Ginn, Cadena, Rollins, Dukowski Black Flag
56%
Armstrong, Freeman, Frederiksen, Steineckert Rancid
44%
Mackaye, Nelson, Baker, Preslar, Hansgen Minor Threat
43%
Graffin, Gurewitz, Bentley, Baker, Wackerman, Dimkich Bad Religion
41%
Burkett, Melvin, Sandin, Hefe Nofx
30%
Morris, Hetson, Schloss, Fitzgerald Circle Jerks
29%
Lyxzén, Sandström, Steen, Brännström, Flagge Refused
14%
Lindberg, Mcmackin, Bradbury, Dragge Pennywise
13%
Buchan, Rob, Buchan, Mcguire The Exploited
11%
Cadena, Soto, Root, Picardo, Cambra The Adolescents
8%
Hannah, Samolesky, Kowalski, Guillas Propagandhi
5%
No matching quizzes found
Score Distribution
Percent of People with Each Score
Percentile by Number Answered
Your Score History
You have not taken this quiz